000 00286nam a22001337a 4500
008 181017b xxu||||| |||| 00| 0 eng d
020 _a0323034438
041 _aeng
080 _a616.8
100 _a7
101 _aNEU
245 _aNervous System
_cMihailoff,G.A
942 _2udc
_cBK
999 _c49987
_d49987